000 01642nam a2200397Ia 4500
005 20220317001014.0
008 160825s2008 ck a g 000 0 spa
020 _a97895804193012
100 1 _aNöstlinger, Christina
_d1936-
245 1 4 _aLas vacaciones de Franz
_cChristine Nöstlinger ; traducido por Rafael Arteaga ; ilustrado por de Erhard Dietl
250 _a1a. edición
300 _a69 páginas
_bilustraciones en blanco y negro
_c18 cm
490 _aTorre de papel
_proja
505 _aLo que hay que saber acerca de Franz ; Las cosas que alegran a Franz ; Franz se queda en distintos lugares ; De cómo solucionó Franz su problema ; La huelga de Franz ; De cómo se vengó Franz
521 _aRecomendado a partir de 7 años
586 _aPremio Hans Christian Andersen 1984
650 1 4 _2LEMB
_aCuentos infantiles austriacos
_ySiglo XX
650 1 4 _2LEMB
_aLiteratura infantil austriacos
_ySiglo XX
650 1 4 _2LEMB
_aVacaciones en la literatura
650 1 4 _2LEMB
_aNiños en la literatura
700 1 _aDietl, Erhard
_d1953-
_99717
700 1 _aArteaga, Rafael
_964323
740 _aDe cómo se vengó Franz
740 0 2 _aDe cómo solucionó Franz su problema
740 0 2 _aFranz se queda en distitntos lugares
740 3 2 _aLa huelga de Franz
740 4 2 _aLas cosas que alegran a Franz
740 0 2 _aLo que hay que saber acerca de Franz
942 _2loc
_cBKINF
264 _aBogotá
_bNorma
_c2008
336 _atexto
_btxt
_2rdacontent
337 _asin mediación
_bn
_2rdamedia
338 _avolumen
_bnc
_2rdacarrier
040 _aCO-BoRNBP
_bspa
_erda
_cCO-BoRNBP
084 _aC NOS1
999 _c5651
_d5651